Barefoot Leadership ; (Record no. 8167)

MARC details
000 -LEADER
fixed length control field 00410nam a22001457a 4500
008 - FIXED-LENGTH DATA ELEMENTS--GENERAL INFORMATION
fixed length control field 190718b ||||| |||| 00| 0 eng d
020 ## - INTERNATIONAL STANDARD BOOK NUMBER
International Standard Book Number 9789671069806
082 ## - DEWEY DECIMAL CLASSIFICATION NUMBER
Classification number 158.4 UNG
100 ## - MAIN ENTRY--PERSONAL NAME
Personal name Ung, Alvin
245 ## - TITLE STATEMENT
Title Barefoot Leadership ;
Remainder of title the art and heart of going that extra mile.
260 ## - PUBLICATION, DISTRIBUTION, ETC.
Place of publication, distribution, etc. Malaysia ;
Name of publisher, distributor, etc. Khazanah Nasional,
Date of publication, distribution, etc. 2012.
300 ## - PHYSICAL DESCRIPTION
Extent xi, 277 p.
Dimensions 23 cm.
650 ## - SUBJECT ADDED ENTRY--TOPICAL TERM
Topical term or geographic name entry element Leadership,
942 ## - Added entry Elements (Koha)
Source of classification or shelving scheme Dewey Decimal Classification
Holdings
Withdrawn status Lost status Source of classification or shelving scheme Damaged status Not for loan Collection code Home library Current library Shelving location Date acquired Serial Enumeration / chronology Total Checkouts Total Renewals Full call number Barcode Date last seen Date last checked out Price effective from Koha item type
    Dewey Decimal Classification     Popular Collection RTC Library RTC Library Popular Collection 18/07/2019 14088 16 5 158.4 UNG 30013827 31/03/2026 17/03/2026 18/07/2019 Main
Royal Thimphu College || All Right Reserved